01353nam a2200325 a 450000100060000000300080000600500170001400800420003102000150007303500190008804000260010704100080013308200200014110000340016124500620019526000520025730000450030949000480035450000710040250400500047365000210052365100650054465100650060983000190067483000480069394200120074199900170075395201180077095201390088835902BD-RjUL20211209052411.0140611r1980 1965enk b 000 0 eng d a0485196190 a(BD-RjUL)35998 aBD-RjULbengcBD-RjUL aeng a320.1bBAP 19801 aBarth, Fredrik,d1928-93725610aPolitical leadership among Swat Pathans /cFredrik Barth. aLondon :bAthlone Press,c1959 [Reprinted 1980] a143 p. :bmaps, geneal. tables ;c24 cm.1 aMonographs on social anthropology ;vno. 19 aFirst published: 1959. First paperback ed. with corrections, 1965. aBibliography: p. [139]-141. - Includes index. 0aPushtuns.971305 0aSwāt District (Pakistan)xSocial life and customs.9109316 0aSwāt District (Pakistan)xPolitics and government.9109317 0vno. 199109320 0aMonographs on social anthropology ;9109321 2ddccBK c35902d35902 00102ddc40708NFICaRUCLbRUCLcStackd1987-08-27l0o320.1 BAP 1980r2014-06-11 00:00:00tC-2w2014-06-11yBK 00102ddc40718NFICaRUCLbRUCLcReadingd1967-03-20ezeetlingerg12.60l0o320.1 BAP 1980r2014-06-11 00:00:00tC-1w2014-06-11yBK